Normal view MARC view

Entry Uniform Title

Number of records used in: 1

001 - CONTROL NUMBER

  • control field: 27813

003 - CONTROL NUMBER IDENTIFIER

  • control field: dpl

005 - DATE AND TIME OF LATEST TRANSACTION

  • control field: 20110506153441.0

008 - FIXED-LENGTH DATA ELEMENTS

  • fixed length control field: 110506|||a|||||| | ||| d

040 ## - CATALOGING SOURCE

  • Original cataloging agency: dpl
  • Transcribing agency: dpl

130 ## - HEADING--UNIFORM TITLE

  • Uniform title: लोकोदय ग्रन्थमालाः ग्रन्थांक; 988 / रवीन्द्र कालिया द्वारा संपादित

670 ## - SOURCE DATA FOUND

  • Source citation: Work cat.: (dpl)28508: शुक्ल, दिनेश कुमार 27812, आखर अरथ /, 2009

670 ## - SOURCE DATA FOUND

  • Source citation: Work cat.: (dpl)28508: शुक्ल, दिनेश कुमार 27812, आखर अरथ /, 2009

© Delhi Public Library
Hit Counter
free hit counter